MARC details
| 000 -CABECERA |
| campo de control de longitud fija |
04513nam a2200577 a 4500 |
| 001 - NÚMERO DE CONTROL |
| campo de control |
000115283 |
| 003 - IDENTIFICADOR DEL NÚMERO DE CONTROL |
| campo de control |
CHAP |
| 005 - FECHA Y HORA DE LA ÚLTIMA TRANSACCIÓN |
| campo de control |
20240620130728.0 |
| 007 - CAMPO FIJO DE DESCRIPCIÓN FÍSICA--INFORMACIÓN GENERAL |
| campo de control de longitud fija |
ta |
| 008 - DATOS DE LONGITUD FIJA--INFORMACIÓN GENERAL |
| campo de control de longitud fija |
190218s2018 mx aodbfrm |||1|||spa d |
| 010 ## - NÚMERO DE CONTROL DE LA BIBLIOTECA DEL CONGRESO |
| Número de control de LC |
111744 |
| 011 ## - ENLACE DEL NUMERO DE CONTROL DE LA BIBLIOTECA DEL CONGRESO [OBSOLETO] |
| Número de control de LC |
112716 |
| 040 ## - FUENTE DE LA CATALOGACIÓN |
| Centro/agencia transcriptor |
CHAP |
| Centro catalogador/agencia de origen |
mxchpua |
| Normas de descripción |
rda |
| 041 0# - CÓDIGO DE LENGUA |
| Código de lengua del texto/banda sonora o título independiente |
spa |
| Código de lengua del sumario o resumen |
eng |
| 090 ## - LOCALMENTE ASIGNADO TIPO-LC NÚMERO DE CLASIFICACIÓN (OCLC); NÚMERO DE CLASIFICACIÓN LOCAL (RLIN) |
| Número de clasificación (OCLC) (R) ; Numero de clasificación, CALL (RLIN) (NR) |
Tesis |
| Número cutter local (OCLC) ; Número de libro/Signatura topográfica íntegra, CALL (RLIN) |
F46 |
| año |
2018 |
| 100 1# - ENTRADA PRINCIPAL--NOMBRE DE PERSONA |
| Nombre de persona |
Félix Blanco, Tomás |
| 245 10 - MENCIÓN DE TÍTULO |
| Título |
Producción de tomate (Solanum Lycopersicum L.) bajo condiciones de invernadero y propuesta de adición de valor en Amanalco, México / |
| Mención de responsabilidad, etc. |
Tomás Félix Blanco |
| 264 ## - PRODUCCIÓN, PUBLICACIÓN, DISTRIBUCIÓN, FABRICACIÓN Y COPYRIGHT |
| Producción, publicación, distribución, fabricación y copyright |
Chapingo, México : |
| Nombre del de productor, editor, distribuidor, fabricante |
El autor, |
| Fecha de producción, publicación, distribución, fabricación o copyright |
2018 |
| 300 ## - DESCRIPCIÓN FÍSICA |
| Extensión |
xii, 103 hojas : |
| Otras características físicas |
ilustraciones, gráficas, fotografías, mapas + |
| Material acompañante/anejo |
1 CD-ROM |
| 336 ## - TIPO DE CONTENIDO |
| Fuente |
rdacontent |
| Término de tipo de contenido |
texto |
| Código de tipo de contenido |
txt |
| 337 ## - TIPO DE MEDIO |
| Fuente |
rdamedia |
| Nombre/término del tipo de medio |
no mediado |
| Código del tipo de medio |
n |
| 338 ## - TIPO DE SOPORTE |
| Fuente |
rdacarrier |
| Nombre/término del tipo de soporte |
volumen |
| Código del tipo de soporte |
nc |
| 502 ## - NOTA DE TESIS |
| Nota de tesis |
Memoria de Experiencia Profesional |
| Tipo de título |
(Ingeniero Agroindustrial) -- |
| Nombre de la institución que otorga el título |
UACh. Departamento de Ingeniería Agroindustrial, |
| Año de obtención del título |
2018 |
| 504 ## - NOTA DE BIBLIOGRAFÍA, ETC. |
| Nota de bibliografía, etc. |
Bibliografía: hojas 86-88 |
| 520 3# - SUMARIO, ETC. |
| Sumario, etc. |
Escribir una memoria de las actividades que se realizan en la vida profesional del egresado, además de ser una opción para la obtención del título sirve también de actualización para el egresado. En este documento se presentan las actividades desarrolladas y los cuidados que son necesarios considerar para el cultivo de tomate cultivado en invernadero. El objetivo fue describir las actividades y lo aspectos que se deben de considerar para el desarrollo de la cadena productiva del tomate bajo condiciones de invernadero para diversificar los cultivos. Se hizo una revisión de los aspectos generales del cultivo, la estacionalidad de la producción y precios, la importancia de las buenas prácticas agrícola, los apoyos que otorga el gobierno, las características socioeconómicas de la zona<br/>donde se ubican los invernaderos. Como resultados se describe el proceso productivo con datos del ciclo 2015-2016 y además se hizo una propuesta de adición de valor. Finalmente se concluyó que con el establecimiento de la producción de jitomate bajo condiciones de invernadero dará una diversificación sobre los cultivos, así como la proporción de técnicas para la producción de jitomate para los campesinos interesados. |
| 520 3# - SUMARIO, ETC. |
| Sumario, etc. |
Write a report of the activities performed in the professional life of graduates, as well as being an option for obtaining title also serves as an update for the graduate. In this document the activities and care are considered necessary for growing tomatoes grown in greenhouses are presented. The objective was to describe the activities and aspects to be considered for the development of the productive chain of tomato under greenhouse conditions to diversify crops. It was made a review of the general aspects of the culture, the seasonality of production and prices, the importance of good agricultural practices, the support granted by the government, the socioeconomic characteristics of the area where the greenhouses are located. As results was described the production process with data from the 2015-2016 agricultural cycle and was also made a proposal for adding value. Finally it was concluded that the establishment of production of tomatoes under greenhouse conditions give a diversification of crops, as well as the proportion of techniques for the production of tomatoes for farmers interested. |
| 650 13 - PUNTO DE ACCESO ADICIONAL DE MATERIA--TÉRMINO DE MATERIA |
| Término de materia o nombre geográfico como elemento de entrada |
Diversificación de cultivos |
| Fuente del encabezamiento o término |
atg |
| 650 13 - PUNTO DE ACCESO ADICIONAL DE MATERIA--TÉRMINO DE MATERIA |
| Término de materia o nombre geográfico como elemento de entrada |
Tomates |
| Subdivisión general |
Cultivos de invernadero |
| Fuente del encabezamiento o término |
atg |
| 650 13 - PUNTO DE ACCESO ADICIONAL DE MATERIA--TÉRMINO DE MATERIA |
| Término de materia o nombre geográfico como elemento de entrada |
Tomates |
| Subdivisión general |
Aspectos económicos |
| Fuente del encabezamiento o término |
atg |
| 650 13 - PUNTO DE ACCESO ADICIONAL DE MATERIA--TÉRMINO DE MATERIA |
| Término de materia o nombre geográfico como elemento de entrada |
Tomates |
| Subdivisión general |
Valor de mercado |
| Subdivisión geográfica |
México |
| -- |
Estado de México |
| Fuente del encabezamiento o término |
atg |
| 650 13 - PUNTO DE ACCESO ADICIONAL DE MATERIA--TÉRMINO DE MATERIA |
| Término de materia o nombre geográfico como elemento de entrada |
Tomatoes |
| Subdivisión general |
Greenhouse production |
| Fuente del encabezamiento o término |
atg |
| 650 13 - PUNTO DE ACCESO ADICIONAL DE MATERIA--TÉRMINO DE MATERIA |
| Término de materia o nombre geográfico como elemento de entrada |
Tomatoes |
| Subdivisión general |
Economical aspects |
| Fuente del encabezamiento o término |
atg |
| 650 13 - PUNTO DE ACCESO ADICIONAL DE MATERIA--TÉRMINO DE MATERIA |
| Término de materia o nombre geográfico como elemento de entrada |
Tomatoes |
| Subdivisión general |
Market value |
| Subdivisión geográfica |
Mexico |
| -- |
Estado de Mexico |
| Fuente del encabezamiento o término |
atg |
| 650 13 - PUNTO DE ACCESO ADICIONAL DE MATERIA--TÉRMINO DE MATERIA |
| Término de materia o nombre geográfico como elemento de entrada |
Crop diversification |
| Fuente del encabezamiento o término |
atg |
| 700 1# - PUNTO DE ACCESO ADICIONAL--NOMBRE DE PERSONA |
| Nombre de persona |
Covarrubias Gutiérrez, Ignacio |
| Término indicativo de función/relación |
director |
| 700 1# - PUNTO DE ACCESO ADICIONAL--NOMBRE DE PERSONA |
| Nombre de persona |
Espejel García, Anastacio |
| Término indicativo de función/relación |
asesor |
| 700 1# - PUNTO DE ACCESO ADICIONAL--NOMBRE DE PERSONA |
| Nombre de persona |
Suárez Espinosa, Carlos |
| Término indicativo de función/relación |
asesor |
| 856 41 - LOCALIZACIÓN Y ACCESO ELECTRÓNICOS |
| Identificador Uniforme del Recurso |
<a href="http://10.13.5.2/tesis/sist115283.pdf">http://10.13.5.2/tesis/sist115283.pdf</a> |
| Texto de enlace |
DESCARGAR PDF |
| 901 ## - ELEMENTOS DE DATOS A LOCAL LDA (RLIN) |
| a |
Tesis F46 2018 |
| 942 ## - ELEMENTOS DE PUNTO DE ACCESO ADICIONAL (KOHA) |
| Tipo de ítem Koha |
TESIS |
| Fuente del sistema de clasificación o colocación |
Clasificación Universidad Autónoma Chapingo |
| 590 ## - NOTA LOCAL (RLIN) |
| Nota local |
BATCH-UPD |
| Procedencia (VM) [OBSOLETO] |
05 |
| Condición del los carretes individuales (VM) [OBSOLETO] |
20190430 |
| 590 ## - NOTA LOCAL (RLIN) |
| Nota local |
E8697GMM |
| Procedencia (VM) [OBSOLETO] |
05 |
| Condición del los carretes individuales (VM) [OBSOLETO] |
20190218 |
| 590 ## - NOTA LOCAL (RLIN) |
| Nota local |
E8697GMM |
| Procedencia (VM) [OBSOLETO] |
05 |
| Condición del los carretes individuales (VM) [OBSOLETO] |
20190218 |
| 590 ## - NOTA LOCAL (RLIN) |
| Nota local |
E8697GMM |
| Procedencia (VM) [OBSOLETO] |
05 |
| Condición del los carretes individuales (VM) [OBSOLETO] |
20190219 |
| 590 ## - NOTA LOCAL (RLIN) |
| Nota local |
E8697GMM |
| Procedencia (VM) [OBSOLETO] |
05 |
| Condición del los carretes individuales (VM) [OBSOLETO] |
20190220 |
| 590 ## - NOTA LOCAL (RLIN) |
| Nota local |
E8697GMM |
| Procedencia (VM) [OBSOLETO] |
05 |
| Condición del los carretes individuales (VM) [OBSOLETO] |
20190430 |
| 590 ## - NOTA LOCAL (RLIN) |
| Nota local |
E8697GMM |
| Procedencia (VM) [OBSOLETO] |
05 |
| Condición del los carretes individuales (VM) [OBSOLETO] |
20190430 |
| 590 ## - NOTA LOCAL (RLIN) |
| Nota local |
E8697GMM |
| Procedencia (VM) [OBSOLETO] |
05 |
| Condición del los carretes individuales (VM) [OBSOLETO] |
20190517 |